000 00285nam a22001217a 4500
008 181001b xxu||||| |||| 00| 0 eng d
041 _aeng
080 _218 ed
_a615
100 _a5
101 _aFAR
245 _aRemington s Pharmaceutical Sciences
_cAlfonso.A.G
942 _2udc
_cBK
999 _c48724
_d48724